Đi tìm bản sắc tiếng Việt

保存先:
書誌詳細
第一著者: Trịnh, Sâm
フォーマット: 図書
言語:Undetermined
出版事項: Hà Nội Giáo dục 2004
主題:
タグ: タグ追加
タグなし, このレコードへの初めてのタグを付けませんか!
Thư viện lưu trữ: Trung tâm Học liệu Trường Đại học Cần Thơ
LEADER 00543nam a2200205Ia 4500
001 CTU_60746
008 210402s9999 xx 000 0 und d
020 |b 24000 
082 |a 495.92209 
082 |b S120 
100 |a Trịnh, Sâm 
245 0 |a Đi tìm bản sắc tiếng Việt 
245 0 |c Trịnh Sâm 
260 |a Hà Nội 
260 |b Giáo dục 
260 |c 2004 
650 |a Vietnamese language 
650 |x Philosophy 
904 |i Minh, Năm 
980 |a Trung tâm Học liệu Trường Đại học Cần Thơ